000 00319nam a2200121Ia 4500
008 221030s9999 xx 000 0 und d
082 _a105.23
245 0 _aCustomer Satisfaction in Depoist Products & Financial Services of J & K Bank
260 _bJK Bank
_c2009
300 _a98
650 _aManagement
942 _cTH
999 _c10269
_d10269